Statistics for African Capitals Starting With L

Click here to take the quiz!

General Stats

  • This quiz has been taken 108 times
    (71 since last reset)
  • The average score is 4 of 5

Answer Stats

capital% Correct
Luanda
92%
Lusaka
91%
Lilongwe
79%
Libreville
77%
Lomé
77%

Score Distribution

Percentile by Number Answered

Percent of People with Each Score

Your Score History

You have not taken this quiz since the last reset